Údržba strojov a zariadení

Bibliographic Details
Main Authors: Stuchlý, Vladimír, 1950- (Author), Poprocký, Roman (Author)
Format: Book
Language:Slovak
PhysicalDescription:359 s. grafy, sch., tab. 24 cm
Published: V Žiline Žilinská univerzita Edis 2014
ISBN:9788055408453
Edition:1. vyd.
Series:Vysokoškolské učebnice
Subjects:

MARC

LEADER 00000cam a2200000 a 4500
001 vtls010632913
003 SK-MaSNL
005 20260302013447.0
008 240318s2014 xo da e n 000 0 slo
015 |a SNBA2015/01 
020 |a 9788055408453  |q (viaz.) 
035 |a F4293FF6-DC12-4159-A09F-42AFA1F99534 
035 |a urn:nbn:sk:snk-amjoy4 
035 |a urn:nbn:sk:snk-am002h4r 
040 |a SNK  |b slo  |c SNK  |e AACR2 
041 0 |a slo 
044 |a xo  |c SK 
072 7 |a 621  |x Strojárstvo  |2 konspekt 
080 |a (075.8)  |2 2001 
080 |a 62-7  |2 2001 
080 |a 629.083  |2 2001 
080 |a 62-027.45  |2 2001 
080 |a 62:681.518.5  |2 2001 
100 1 |a Stuchlý, Vladimír,  |d 1950-  |4 aut  |9 117523 
245 1 0 |a Údržba strojov a zariadení  |c Vladimír Stuchlý, Roman Poprocký 
250 |a 1. vyd. 
260 |a V Žiline  |b Žilinská univerzita  |b Edis  |c 2014 
300 |a 359 s.  |b grafy, sch., tab.  |c 24 cm 
366 |e 65 výt. 
490 1 |a Vysokoškolské učebnice 
504 |a Obsahuje bibliografiu 
650 0 7 |a údržba strojov  |2 SNKPH  |9 3533 
650 0 7 |a Maintenance of machines  |2 SNKPHeng  |9 423834 
650 0 7 |a opravy a údržba dopravných prostriedkov  |2 SNKPH  |9 3683 
650 0 7 |a Vehicle maintenance and repair  |2 SNKPHeng  |9 397080 
650 0 7 |a spoľahlivosť (technika)  |2 SNKPH  |9 3549 
650 0 7 |a Reliability (engineering)  |2 SNKPHeng  |9 314108 
650 0 7 |a technická diagnostika  |2 SNKPH  |9 3986 
650 0 7 |a Technical diagnostics  |2 SNKPHeng  |9 274373 
655 7 |a učebnice vysokých škôl  |2 SNKPH  |9 70191 
655 7 |a Textbooks (higher)  |2 SNKPHeng  |9 276436 
700 1 |a Poprocký, Roman  |4 aut  |9 79579 
752 |a Slovensko  |d Žilina 
810 2 |a Žilinská univerzita v Žiline  |t Vysokoškolské učebnice  |9 176451 
919 |a 978-80-554-0845-3 
958 |a NB 
999 |c 1013044  |d 1014974 
952 |a SNK  |b SNK  |y PREZ  |7 0  |p 17A1118867  |o snkSC 161629  |i snk2014/23982  |8 0  |0 0  |1 0  |4 0  |d 2014-11-04  |f 1  |l 0  |r 2025-08-25 00:00:00  |w 2026-02-24 
952 |a SNK  |b SNK  |y VYP  |7 0  |p 17A1118866  |o snkSC 161629 D1  |i snk2014/23983  |8 0  |0 0  |1 0  |4 0  |d 2014-11-04  |l 0  |r 2026-02-24 12:59:10  |w 2026-02-24